| 000 | 00889nas a2200289 4500 | ||
|---|---|---|---|
| 001 | BR2013007994 | ||
| 003 | BR-BrBNA | ||
| 005 | 20231205123054.0 | ||
| 007 | ta | ||
| 008 | 230509b bl.|||p| |||| 00| 00por d | ||
| 040 |
_aBR-BrBNA _bpor _cBiblioteca Nacional de Agricultura |
||
| 041 | _a(En) | ||
| 072 | _aQ70; Q02; Q04 | ||
| 100 | 1 | _aDessimoni-Pinto, N.A.V. | |
| 100 | 1 | _aMoreira, W.A. | |
| 100 | 1 | _aCardoso, L. de M. | |
| 100 | 1 | _aPantoja, L.A. | |
| 245 | 1 | _aJaboticaba peel for jelly preparation: an alternative technology | |
| 650 | _aJABUTICABA | ||
| 650 | _aRESÍDUO | ||
| 650 | _aCASCA | ||
| 650 | _aPIGMENTO | ||
| 773 | 0 |
_tCiência e Tecnologia de Alimentos (Brazil) _xISSN 1678-457X _g(Oct-Dec 2011), v. 31(4) p. 864-869 _wBR2013007994 |
|
| 856 | 4 | 0 | _uhttp://www.scielo.br/pdf/cta/v31n4/06.pdf |
| 909 |
_a202311 _bLúcia _c55 _dLúcia Elande |
||
| 942 |
_2AGRIS _n0 _cANA |
||
| 999 |
_c232042 _d232042 |
||